000 00339nam a2200133Ia 4500
008 240624s9999 xx 000 0 und d
041 _aeng
082 _a658.15 FIN
100 _aFINCH BRIAN
245 _aEFFECTIVE FINANCIAL MANAGEMENT
260 _c2010
_aNew Delhi
_bKogan Page
300 _avi, : 146 : p. : cm. ; 21
365 _cRS
_b33
999 _c15578
_d15578